星空

資料類型:電子資源   書目號:50664

Leader xxxxxxxxxx
001 __ PCLIS00050664
005 __ 20100701100940.0008
010 0_ |a9789862131176|b電子書|dNT$1500
010 0_ |a9789862131206|b精裝|dNT$499
020 __ |atw|b98006079
042 __ |anbic
050 __ |a002041449
100 __ |a20090518d2009    m  y0chib50      e
101 0_ |achi
102 __ |atw
105 __ |aa   z   000cd
200 1_ |a星空|dThe starry starry night|zeng|f幾米作
205 __ |a初版
210 __ |a臺北市|c大塊文化出版|a臺北縣[新莊市]|c大和書報總經銷|d2009.05
225 1_ |a幾米作品|v32
300 __ |a電子書
606 __ |2csh|a繪本
681 __ |a855|b856:14-26
700 _0 |a幾米|c(繪畫)
801 _0 |atw|bCIP|c20090402|gCCR
801 _1 |atw|bCIP|c20090402|gCCR
801 _2 |atw|b國圖|c20100625|gCCR
856 42 |uhttps://reading.udn.com/udnlib/nhsh/B/61899|zUDN讀書館
  
詳細館藏(共 1 筆)
索 書 號登 錄 號冊次號館別 / 館藏地流通類型狀態加入預約清單電子資源
855 / 856 I1000007  圖書館 / 內湖高中雲端書庫 電子資源 在館   

| 條列資料




目錄查詢 分類查詢 個人資料 圖書薦購 新書查詢 閉館日 排行榜 更多電子資源 Hami書城 線上資料庫 登出

From : 216.73.217.87

  本日流通累計至 21:24:24 借閱 : 1 次 續借 : 0 次 歸還 : 2 次 預約 : 0 次 電子資源 : 0 次


內湖高中圖書館  PCLIS 版本  26.5.0.12